000 01787nam a2200241Ia 4500
008 260220t1988||||xx |||||||||||||| ||spa||
040 _aPY-SlUNAC
_bspa
_erda
041 _aspa
082 _a600
_bB473c
110 _aBanco Interamericano de Desarrollo
_eAutor
245 0 _aCiencia y tecnología /
_cpor Banco Interamericano de Desarrollo [Autor]
264 _aWashington D. C. :
_bBanco Interamericano de Desarrollo,
_c℗1988.
300 _a1 volumen
520 _aEl libro "Ciencia y tecnología" del Banco Interamericano de Desarrollo, publicado en 1988, aborda la interrelación entre el desarrollo científico y tecnológico y el crecimiento económico en América Latina. A través de un análisis exhaustivo, se exploran las políticas públicas necesarias para fomentar la investigación y la innovación en la región, destacando cómo estas pueden contribuir a mejorar la competitividad y el bienestar social. Se examinan los desafíos que enfrentan los países latinoamericanos, como la falta de inversión en I+D y la necesidad de fortalecer las capacidades locales. Además, se presentan estudios de caso y ejemplos de buenas prácticas en la implementación de programas de ciencia y tecnología. El libro concluye con recomendaciones dirigidas a los gobiernos y otras instituciones para priorizar el desarrollo científico y tecnológico como un motor clave para el progreso socioeconómico, subrayando la importancia de la colaboración internacional y el intercambio de conocimiento en este proceso.
653 _aCiencia
653 _aDesarrollo económico
653 _aTecnología
942 _b2026/02/17
_cBK
999 _c8385
_d8385